| 000 | 01247nam a22002417a 4500 | ||
|---|---|---|---|
| 999 |
_c92770 _d92770 |
||
| 003 | NALT | ||
| 005 | 20220425094055.0 | ||
| 008 | 170615b th ||||| |||| 00| 0 tha d | ||
| 040 | _aNALT | ||
| 090 |
_aอศ _bพ373พ 2560 |
||
| 100 | 0 |
_aพระราชปวราจารย์ _9348 |
|
| 245 | 1 | 0 |
_aพุทธศาสตรปริทรรศน์ เล่ม 2 / _cพระราชปวราจารย์ (ณรงค์ จิตฺตโสภโณ เชิดสูงเนิน) |
| 300 |
_a373 หน้า : _bภาพประกอบ ; _c21 ซม. |
||
| 500 | _aมหาวิทยาลัยมหาจุฬาลงกรณราชวิทยาลัย วิทยาเขตนครราชสีมา....... | ||
| 600 | 0 | 4 |
_aพระราชปวราจารย์ (ณรงค์ จิตฺตโสภโณ เชิดสูงเนิน), _d2489-2560 _9349 |
| 650 | 0 |
_aธรรมะ (พุทธศาสนา) _9350 |
|
| 650 | 0 |
_aสมาธิ _9351 |
|
| 650 | 0 |
_aวิปัสสนา _9352 |
|
| 650 | 0 |
_aฺBuddhism _xEssays _9353 |
|
| 850 | _aNALT | ||
| 942 |
_2local _cCRE |
||
| 998 |
_aaroon _cben _j1020 _k จำเรียง ระวังสำโรง |
||